[Event "4NCL 3 South pool B"]
[Site "Maidenhead, ENG"]
[Date "2020.02.08"]
[Round "5.61"]
[White "Nicholas, Koichi B"]
[Black "Norman, Kenneth I"]
[Result "1-0"]
[WhiteElo "2082"]
[BlackElo "2120"]
[PlyCount "103"]
[EventDate "2020.02.08"]
[WhiteTeam "Oxford 2"]
[BlackTeam "Iceni 1"]

1. e4 e5 2. Nf3 Nc6 3. Bc4 Bc5 4. b4 Bxb4 5. c3 Ba5 6. d4 d6 7. Qb3 Qd7 8. Nbd2
Bb6 9. dxe5 Na5 10. Qc2 Nxc4 11. Nxc4 d5 12. exd5 Qxd5 13. Ne3 Qe6 14. O-O Ne7
15. Ba3 c5 16. Rad1 Qg6 17. Qa4+ Qc6 18. Qh4 Ng6 19. Qg5 h6 20. Qg3 Be6 21. Rd6
Qc8 22. Nh4 Nxh4 23. Qxh4 O-O 24. f4 c4 25. Bc1 Bc5 26. f5 Bxf5 27. Kh1 Bg6 28.
Rdf6 Re8 29. Ng4 Re6 30. Rxe6 Qxe6 31. Bxh6 Be7 32. Bg5 Bxg5 33. Qxg5 Qd5 34.
h4 Qd8 35. Nf6+ gxf6 36. exf6 Qd3 37. Rf3 Qd1+ 38. Kh2 Qd6+ 39. Kh3 Re8 40. Qh6
Qf8 41. Qg5 Rc8 42. Re3 Rc5 43. Qf4 Kh7 44. Re7 Qc8+ 45. g4 Rd5 46. Kh2 Rd3 47.
h5 Bxh5 48. Qe4+ Bg6 49. Rxf7+ Kh8 50. Qf4 Kg8 51. Rg7+ Kf8 52. Rxg6 1-0

[Event "4NCL 3 South pool B"]
[Site "Maidenhead, ENG"]
[Date "2020.02.08"]
[Round "5.62"]
[White "Jermy, Jaden"]
[Black "Pozimski, Szymon"]
[Result "1-0"]
[WhiteElo "2020"]
[BlackElo "2011"]
[PlyCount "147"]
[EventDate "2020.02.08"]
[WhiteTeam "Iceni 1"]
[BlackTeam "Oxford 2"]

1. d4 Nf6 2. Bf4 b5 3. e3 a6 4. Nd2 Bb7 5. Ngf3 e6 6. Bd3 c5 7. c3 Nc6 8. h3
Rc8 9. O-O d6 10. a4 c4 11. Be2 Be7 12. Bh2 O-O 13. axb5 axb5 14. e4 d5 15. e5
Nd7 16. Ne1 b4 17. f4 Qb6 18. Kh1 Ra8 19. Rxa8 Rxa8 20. f5 exf5 21. Rxf5 Nf8
22. Nxc4 dxc4 23. Bxc4 Nd8 24. Bg1 bxc3 25. bxc3 Rc8 26. d5 Bc5 27. Bh2 Bf2 28.
Rf4 Ng6 29. Rg4 Ba6 30. Bxa6 Qxa6 31. Nd3 Ba7 32. Ra4 Qb7 33. c4 Bd4 34. Bg3
Qe7 35. Qg4 Bxe5 36. Nxe5 Qb7 37. Nxg6 hxg6 38. Qe4 Ne6 39. Qe1 Nc5 40. Rb4 Qd7
41. Rb8 Rxb8 42. Bxb8 Nb7 43. Bg3 Qc8 44. Qb4 Nc5 45. Kh2 Kh7 46. d6 Kg8 47.
Qb6 Ne6 48. Qb5 Nc5 49. Bf2 Ne4 50. Bg3 Nc5 51. Be5 Kf8 52. Bd4 Nd7 53. c5 Nb8
54. Bc3 f6 55. Bb4 Nc6 56. Bc3 Kf7 57. Qb3+ Kf8 58. Qd5 Qd7 59. Kg3 Nd8 60. Bb4
Nc6 61. Bc3 Nd8 62. h4 Nc6 63. Qe4 Kf7 64. Kf4 Nd8 65. Qd5+ Kf8 66. g4 Qa4+ 67.
Kf3 Qd7 68. Kg3 Nc6 69. h5 gxh5 70. gxh5 Nd8 71. h6 gxh6 72. Bxf6 Nf7 73. Qa8+
Qe8 74. Be7+ 1-0

[Event "4NCL 3 South pool B"]
[Site "Maidenhead, ENG"]
[Date "2020.02.08"]
[Round "5.63"]
[White "Burrows, Nick"]
[Black "Reynolds, D Ian W"]
[Result "1-0"]
[WhiteElo "2072"]
[BlackElo "2014"]
[PlyCount "93"]
[EventDate "2020.02.08"]
[WhiteTeam "Oxford 2"]
[BlackTeam "Iceni 1"]

1. c4 Nf6 2. Nc3 g6 3. d4 Bg7 4. e4 d6 5. f4 c5 6. d5 O-O 7. Nf3 Nfd7 8. Bd3 e5
9. dxe6 fxe6 10. O-O Nc6 11. Qe1 a6 12. Kh1 Rb8 13. Ng5 Nd4 14. Be3 Qe7 15. Qh4
h6 16. Nf3 Rf7 17. Qg3 Nxf3 18. Rxf3 Bxc3 19. bxc3 Rg7 20. Qh3 e5 21. Qxh6 Nf6
22. fxe5 Qxe5 23. Raf1 Nh7 24. Bf4 Qe7 25. e5 dxe5 26. Re3 Bf5 27. Rxe5 Qf8 28.
Bxf5 gxf5 29. Qe6+ Qf7 30. Qxf5 Qxc4 31. Qe6+ Qxe6 32. Rxe6 Rf8 33. Kg1 Rgf7
34. Rg6+ Rg7 35. Rxg7+ Kxg7 36. Be5+ Kg6 37. Rxf8 Nxf8 38. Kf2 Nd7 39. Bd6 c4
40. Kf3 Nf6 41. Be5 Nd7 42. Bd4 Nf8 43. g4 Ne6 44. Be3 b5 45. h4 a5 46. a3 Nd8
47. Ke4 1-0

[Event "4NCL 3 South pool B"]
[Site "Maidenhead, ENG"]
[Date "2020.02.08"]
[Round "5.64"]
[White "Hughes, Roy"]
[Black "Wilson, Edgar"]
[Result "1/2-1/2"]
[WhiteElo "2026"]
[BlackElo "2012"]
[PlyCount "73"]
[EventDate "2020.02.08"]
[WhiteTeam "Iceni 1"]
[BlackTeam "Oxford 2"]

1. d4 d5 2. Bf4 Nf6 3. e3 c5 4. Nc3 Bf5 5. Nb5 Na6 6. c3 g6 7. h3 Bg7 8. Nf3
O-O 9. Be2 Qb6 10. a4 c4 11. Nd2 Rac8 12. b3 Nb8 13. bxc4 Nc6 14. c5 Qd8 15.
O-O a6 16. Na3 e5 17. Bh2 Re8 18. Re1 exd4 19. cxd4 Qd7 20. Nf3 Ne4 21. Bf1 Re7
22. Rc1 Rce8 23. Nd2 Nxf2 24. Kxf2 Nxd4 25. Nf3 Nxf3 26. gxf3 Bxh3 27. Nc2 Bxf1
28. Kxf1 d4 29. Bd6 Qh3+ 30. Kg1 Be5 31. Nxd4 Qh2+ 32. Kf1 Bxd6 33. cxd6 Qh1+
34. Kf2 Qh2+ 35. Kf1 Qh1+ 36. Kf2 Qh2+ 37. Kf1 1/2-1/2

[Event "4NCL 3 South pool B"]
[Site "Maidenhead, ENG"]
[Date "2020.02.08"]
[Round "5.65"]
[White "Cole, James"]
[Black "Calvert, D Ian"]
[Result "1/2-1/2"]
[WhiteElo "2057"]
[BlackElo "1946"]
[PlyCount "76"]
[EventDate "2020.02.08"]
[WhiteTeam "Oxford 2"]
[BlackTeam "Iceni 1"]

1. d4 d5 2. c4 c6 3. Nf3 Nf6 4. e3 g6 5. Nc3 Bg7 6. Qb3 O-O 7. Bd3 e6 8. O-O
Nbd7 9. Rd1 b6 10. e4 dxe4 11. Nxe4 Nxe4 12. Bxe4 Bb7 13. Bf4 Qe7 14. Re1 Nf6
15. Bc2 Nh5 16. Bg5 Qd6 17. Rad1 h6 18. Bh4 g5 19. Qd3 f5 20. Bxg5 c5 21. d5 e5
22. Qe3 e4 23. Bh4 exf3 24. Qxf3 Qg6 25. h3 Bc8 26. d6 Bd7 27. Re7 Rad8 28. Qb7
Bf6 29. Bxf6 Nxf6 30. Rd3 Kh8 31. Rg3 Qh5 32. Rgg7 Rg8 33. Rxd7 Rxd7 34. Rxd7
Nxd7 35. Qxd7 Qg5 36. Qc6 Qc1+ 37. Kh2 Qf4+ 38. Kg1 Qc1+ 1/2-1/2

[Event "4NCL 3 South pool B"]
[Site "Maidenhead, ENG"]
[Date "2020.02.08"]
[Round "5.66"]
[White "Sagues, Vincent"]
[Black "Rasanen, Otto"]
[Result "1-0"]
[WhiteElo "1951"]
[BlackElo "1921"]
[PlyCount "121"]
[EventDate "2020.02.08"]
[WhiteTeam "Iceni 1"]
[BlackTeam "Oxford 2"]

1. e4 c5 2. Nf3 e6 3. d4 cxd4 4. Nxd4 a6 5. Bd3 Bc5 6. Nb3 Be7 7. O-O d6 8. c4
Nf6 9. Qe2 Qc7 10. Nc3 O-O 11. Be3 b6 12. Rac1 Bb7 13. f3 Nbd7 14. Nd4 Rac8 15.
b3 Rfe8 16. Qf2 Qb8 17. Rfd1 Bd8 18. Bb1 Bc7 19. g3 d5 20. cxd5 exd5 21. exd5
Ne5 22. Nf5 Rcd8 23. Bg5 Rxd5 24. Nxd5 Nxd5 25. Be4 Nb4 26. Qg2 Bxe4 27. fxe4
Nxa2 28. Rc2 Nb4 29. Rcd2 b5 30. Ne7+ Kh8 31. Nd5 Nxd5 32. Rxd5 Bb6+ 33. Kh1
Ng4 34. Rf1 f6 35. Bf4 Bc7 36. Bxc7 Qxc7 37. Qe2 Ne5 38. Rfd1 Kg8 39. Qd2 Nf3
40. Qe3 Ng5 41. Qd4 Nxe4 42. Rd7 Qc6 43. Qd5+ Qxd5 44. R1xd5 Rc8 45. Re7 Nc5
46. b4 Kf8 47. Ra7 Ne6 48. Rdd7 Rd8 49. Rxd8+ Nxd8 50. Rxa6 Ke7 51. Rb6 Kd7 52.
Rxb5 Kc6 53. Rb8 Kc7 54. Ra8 Nc6 55. Rh8 g6 56. Rxh7+ Kb6 57. Rf7 Kb5 58. Rxf6
Ne5 59. Re6 Nd3 60. Rxg6 Kxb4 61. Rc6 1-0

[Event "4NCL 3 South pool B"]
[Site "Maidenhead, ENG"]
[Date "2020.02.08"]
[Round "5.71"]
[White "Tippleston, Charles E"]
[Black "Robertson, J Stuart"]
[Result "0-1"]
[WhiteElo "2081"]
[BlackElo "2157"]
[PlyCount "98"]
[EventDate "2020.02.08"]
[WhiteTeam "MK Phoenix 1"]
[BlackTeam "Cambridge University 2"]

1. e4 c5 2. Nf3 Nc6 3. Bb5 d6 4. O-O Bd7 5. Re1 Nf6 6. c3 a6 7. Bf1 Bg4 8. d3
e6 9. Nbd2 Be7 10. h3 Bh5 11. a4 Rb8 12. Be2 b5 13. axb5 axb5 14. Nf1 O-O 15.
Ng3 Bg6 16. Nh4 d5 17. Nxg6 hxg6 18. exd5 Nxd5 19. Bf3 Qd7 20. c4 Ndb4 21. Bf4
Bd6 22. Bxd6 Qxd6 23. cxb5 Rxb5 24. Ne4 Qd4 25. Nc3 Rb6 26. Na4 Ra6 27. Re4 Qd6
28. Rc1 Ra5 29. Rec4 Ne5 30. Rxc5 Nxf3+ 31. gxf3 Rfa8 32. b3 Nd5 33. Rxa5 Rxa5
34. Qd2 Rb5 35. Rc8+ Kh7 36. Qg5 Qf4 37. Qd8 g5 38. Rc4 Qf5 39. Nc3 Rxb3 40.
Nxd5 exd5 41. Rc8 Qxf3 42. Qg8+ Kg6 43. Rc6+ f6 44. Rc1 Rxd3 45. Re1 Qxh3 46.
Qe8+ Kh7 47. Qe2 Rf3 48. Ra1 Rf4 49. Qc2+ f5 0-1

[Event "4NCL 3 South pool B"]
[Site "Maidenhead, ENG"]
[Date "2020.02.08"]
[Round "5.72"]
[White "Chopra, Tanmay"]
[Black "Fraser-Mitchell, Jeremy N"]
[Result "1-0"]
[WhiteElo "2186"]
[BlackElo "2062"]
[PlyCount "63"]
[EventDate "2020.02.08"]
[WhiteTeam "Cambridge University 2"]
[BlackTeam "MK Phoenix 1"]

1. e4 e6 2. d4 a6 3. Bd3 b5 4. Nf3 c5 5. c3 Bb7 6. O-O Nf6 7. Qe2 Nc6 8. d5 c4
9. Bc2 Ne7 10. Bg5 exd5 11. Bxf6 gxf6 12. Nbd2 Qb6 13. b3 dxe4 14. Bxe4 Bxe4
15. Nxe4 d5 16. Ng3 Rg8 17. bxc4 dxc4 18. Rad1 Rd8 19. Rfe1 Rxd1 20. Rxd1 Qe6
21. Qd2 Nc6 22. Nd4 Nxd4 23. Re1 Qxe1+ 24. Qxe1+ Ne6 25. Qe4 Rg5 26. Nf5 Bc5
27. h4 Rg6 28. Qc6+ Kd8 29. Kf1 Rg4 30. f3 Rf4 31. Qd5+ Ke8 32. g3 1-0

[Event "4NCL 3 South pool B"]
[Site "Maidenhead, ENG"]
[Date "2020.02.08"]
[Round "5.73"]
[White "Freeman, Richard C P"]
[Black "Nettleton, Charlie B"]
[Result "1-0"]
[WhiteElo "2010"]
[BlackElo "2004"]
[PlyCount "53"]
[EventDate "2020.02.08"]
[WhiteTeam "MK Phoenix 1"]
[BlackTeam "Cambridge University 2"]

1. d4 Nf6 2. Bg5 e6 3. e4 h6 4. Bxf6 Qxf6 5. c3 c5 6. e5 Qd8 7. f4 cxd4 8. cxd4
Qb6 9. Qd2 d6 10. Nf3 dxe5 11. fxe5 Bd7 12. Be2 Nc6 13. O-O O-O-O 14. Nc3 Nxd4
15. Nxd4 Bc5 16. Kh1 Bxd4 17. Rxf7 Bc6 18. Bg4 Bxe5 19. Qe2 Bf6 20. Bxe6+ Kb8
21. Re1 Rhe8 22. Qf1 Qxb2 23. Nd5 Rxe6 24. Qf4+ Be5 25. Rf8 Ree8 26. Rxe5 Qb1+
27. Re1+ 1-0

[Event "4NCL 3 South pool B"]
[Site "Maidenhead, ENG"]
[Date "2020.02.08"]
[Round "5.74"]
[White "Starley, Robert"]
[Black "Brown, Alan M"]
[Result "1/2-1/2"]
[WhiteElo "2072"]
[BlackElo "2009"]
[PlyCount "101"]
[EventDate "2020.02.08"]
[WhiteTeam "Cambridge University 2"]
[BlackTeam "MK Phoenix 1"]

1. e4 e6 2. d4 d5 3. Nd2 Nf6 4. e5 Nfd7 5. Bd3 b6 6. Ne2 Ba6 7. Bxa6 Nxa6 8.
O-O Be7 9. Nf4 c5 10. c3 O-O 11. Qg4 Kh8 12. Nf3 Nc7 13. h4 f5 14. Qh5 Qe8 15.
Qxe8 Raxe8 16. Ng5 Bxg5 17. hxg5 g6 18. g3 Rc8 19. Be3 Rfe8 20. Kg2 Kg7 21. Rh1
c4 22. g4 Nf8 23. gxf5 exf5 24. Kg3 Nfe6 25. Nxe6+ Nxe6 26. Bd2 Kg8 $11 27. f4
Kg7 28. Kf3 Ra8 29. Ke3 Kg8 30. b3 b5 31. a4 a6 32. axb5 axb5 33. bxc4 bxc4 34.
Rhb1 Rxa1 35. Rxa1 Re7 36. Ra6 Nc7 37. Rd6 Kf7 38. Bc1 Re6 39. Rd8 Re8 40. Rxe8
Kxe8 41. Kd2 Kd7 42. Kc2 Kc6 43. Kb2 Nb5 44. Be3 Kd7 45. Bd2 Ke6 46. Bc1 Kd7
47. Kc2 Ke6 48. Bb2 Kd7 49. Kb1 Ke6 50. Ka2 Kd7 51. Kb1 1/2-1/2

[Event "4NCL 3 South pool B"]
[Site "Maidenhead, ENG"]
[Date "2020.02.08"]
[Round "5.75"]
[White "Habershon, Paul F"]
[Black "Chan, Nevil"]
[Result "1/2-1/2"]
[WhiteElo "2006"]
[BlackElo "2023"]
[PlyCount "87"]
[EventDate "2020.02.08"]
[WhiteTeam "MK Phoenix 1"]
[BlackTeam "Cambridge University 2"]

1. e4 b6 2. Bc4 Bb7 3. Nc3 e6 4. Qe2 Bb4 5. Nf3 Ne7 6. O-O O-O 7. d3 Bxc3 8.
bxc3 d6 9. Ng5 Nd7 10. Bxe6 fxe6 11. Nxe6 Qc8 12. Nxf8 Qxf8 13. Bg5 Ng6 14.
Rae1 Nc5 15. Qh5 Qf7 16. Re3 Nh8 17. Qxf7+ Nxf7 18. Bh4 Re8 19. c4 Bc6 20. f4
Nh6 21. f5 Nf7 22. g4 Nd7 23. Be1 Nde5 24. Rf4 g5 25. fxg6 Nxg6 26. Rf1 Nfe5
27. h3 Rf8 28. Rxf8+ Kxf8 29. Bg3 Ke7 30. Kf2 Ba4 31. Re2 Nc6 32. Ke3 Nge5 33.
Rf2 Nd8 34. Bh4+ Ke8 35. Bxd8 Kxd8 36. Kd2 Ke7 37. Kc3 Bd7 38. d4 Nf7 39. Kd3
c5 40. c3 Be6 41. a3 h6 42. Rg2 Kf6 43. h4 Kg6 44. Rg1 1/2-1/2

[Event "4NCL 3 South pool B"]
[Site "Maidenhead, ENG"]
[Date "2020.02.08"]
[Round "5.76"]
[White "Gooding, Ian"]
[Black "Cox, Toby"]
[Result "1/2-1/2"]
[WhiteElo "1973"]
[BlackElo "2020"]
[PlyCount "86"]
[EventDate "2020.02.08"]
[WhiteTeam "Cambridge University 2"]
[BlackTeam "MK Phoenix 1"]

1. e4 e6 2. Nf3 d5 3. e5 c5 4. b4 cxb4 5. a3 bxa3 6. c3 Ne7 7. d4 Nd7 8. Bd3
Nc6 9. O-O Be7 10. Nxa3 O-O 11. Qc2 h6 12. Be3 f6 13. Nh4 f5 14. Ng6 Rf7 15. c4
Nb4 16. Nxe7+ Qxe7 17. Qb3 Nxd3 18. Qxd3 Nf8 19. Nb5 dxc4 20. Qxc4 a6 21. Nd6
b5 22. Qe2 Bb7 23. f3 Bd5 24. Rfe1 Bc4 25. Nxc4 bxc4 26. Qxc4 Qb7 27. Ra5 Qb6
28. Qc5 Qb8 29. Rea1 Rb7 30. h3 Rb2 31. Bc1 Rb6 32. Be3 Rb2 33. Kh2 Qb7 34. d5
Rc8 35. Qd4 Rcc2 36. Rg1 Re2 37. Bc1 Rb4 38. Qd3 Rxe5 39. Qxa6 Qxa6 40. Rxa6
exd5 41. Ra8 Rb7 42. Ba3 Rf7 43. Rd1 f4 1/2-1/2

[Event "4NCL 3 South pool B"]
[Site "Maidenhead, ENG"]
[Date "2020.02.08"]
[Round "5.81"]
[White "Cooksey, Paul S"]
[Black "Pleasants, Allan J"]
[Result "1/2-1/2"]
[WhiteElo "2305"]
[BlackElo "2046"]
[PlyCount "122"]
[EventDate "2020.02.08"]
[WhiteTeam "Crowthorne 1"]
[BlackTeam "Wessex B"]

1. d4 g6 2. Nf3 Bg7 3. c4 Nf6 4. g3 c5 5. Nc3 cxd4 6. Nxd4 Nc6 7. Bg2 O-O 8.
O-O Qa5 9. Nb3 Qh5 10. e4 d6 11. Qxh5 Nxh5 12. Be3 Nf6 13. Rfd1 Bg4 14. Rdc1
Nd7 15. f4 Be6 16. Bf1 b6 17. Nd2 Rac8 18. Rab1 Nd4 19. Ne2 Nxe2+ 20. Bxe2 f5
21. Bd3 Nc5 22. Bxc5 Rxc5 23. exf5 gxf5 24. Re1 Kf7 25. Re2 Bc8 26. Nf3 h6 27.
Rbe1 e6 28. b3 Bc3 29. Rc1 Bf6 30. Rd1 Bb7 $11 31. Re3 Rc7 32. Be2 Rd8 33. Kf1
Rcd7 34. Re1 Be4 35. Bd3 d5 36. cxd5 exd5 37. Bxe4 dxe4 38. Ne5+ Bxe5 39. fxe5
h5 40. h3 Ke6 41. g4 hxg4 42. hxg4 Rf8 43. gxf5+ Rxf5+ 44. Ke2 Kxe5 45. Rc1 Rh5
46. Rc8 Rh2+ 47. Ke1 Kf4 48. Re2 Rh1+ 49. Kf2 Rh2+ 50. Ke1 Rxe2+ 51. Kxe2 Rh7
52. Rf8+ Ke5 53. Rf2 Kd4 54. Rg2 Re7 55. Rg4 Rh7 56. Rg2 Rc7 57. Kd1 e3 58. Rg8
Re7 59. Ke2 Kc3 60. Rg4 b5 61. Rg6 a5 1/2-1/2

[Event "4NCL 3 South pool B"]
[Site "Maidenhead, ENG"]
[Date "2020.02.08"]
[Round "5.82"]
[White "Duggan, Michael F G"]
[Black "Webb, Richard M"]
[Result "0-1"]
[WhiteElo "2027"]
[BlackElo "2215"]
[PlyCount "76"]
[EventDate "2020.02.08"]
[WhiteTeam "Wessex B"]
[BlackTeam "Crowthorne 1"]

1. d4 Nf6 2. Nc3 d5 3. Bf4 g6 4. e3 Bg7 5. h4 c6 6. Be2 h5 7. a4 a5 8. Nf3 Bg4
9. Ne5 Bxe2 10. Qxe2 Nbd7 11. O-O O-O 12. Rfd1 Qb6 13. Rab1 Rad8 14. f3 Nxe5
15. Bxe5 Nd7 16. Bxg7 Kxg7 17. e4 dxe4 18. fxe4 Ne5 19. Qd2 Ng4 20. Ne2 e5 21.
c3 Rfe8 22. b4 exd4 23. Nxd4 Qc7 24. Nf5+ gxf5 25. Qg5+ Kf8 26. Rxd8 Rxd8 27.
e5 Qe7 28. Qxf5 Qxe5 29. Qxe5 Nxe5 30. bxa5 Rd7 31. Kf2 Ke7 32. Kg3 Nc4 33. a6
bxa6 34. Kf4 Rd5 35. Rb4 Ne5 36. Rb6 a5 37. Ra6 Kd6 38. Ra8 Nd3+ 0-1

[Event "4NCL 3 South pool B"]
[Site "Maidenhead, ENG"]
[Date "2020.02.08"]
[Round "5.83"]
[White "Thompson, Ian D"]
[Black "Cooper, Paul F"]
[Result "1/2-1/2"]
[WhiteElo "2141"]
[BlackElo "2050"]
[PlyCount "123"]
[EventDate "2020.02.08"]
[WhiteTeam "Crowthorne 1"]
[BlackTeam "Wessex B"]

1. c4 c5 2. Nc3 g6 3. g3 Bg7 4. Bg2 Nc6 5. e3 e6 6. Nge2 Nge7 7. d4 cxd4 8.
exd4 d5 9. cxd5 exd5 10. Be3 O-O 11. O-O Be6 12. Nf4 Qd7 13. Nxe6 fxe6 14. g4
Rad8 15. f4 Rf7 16. h3 Nc8 17. b3 Kh8 18. Qd2 Nd6 19. Rad1 b6 20. Qe2 Re8 21.
Kh1 Rc8 22. Bg1 Rcf8 23. Qe3 Bh6 24. Bh2 Bg7 25. Rfe1 Nd8 26. a4 Bh6 27. Qe5+
Bg7 28. Qe2 N6b7 29. Qe3 Bh6 30. Ne2 Nd6 31. Rc1 N8b7 32. Rc2 Rc8 33. Rec1 Rff8
34. Bg3 Rxc2 35. Rxc2 Rc8 36. Rxc8+ Qxc8 37. Be1 Bg7 38. Nc3 Qd7 39. Bf1 Nd8
40. Nb5 Nc6 41. Nxd6 Qxd6 42. Bc3 Bh6 43. g5 Bg7 44. h4 Ne7 45. Bh3 Nf5 46.
Bxf5 exf5 47. Qe8+ Bf8 48. Qf7 a5 49. h5 Be7 50. h6 Bf8 51. Bd2 Qd8 52. b4 Qd6
53. bxa5 bxa5 54. Bxa5 Qa3 55. Qf6+ Kg8 56. Qe6+ Kh8 57. Qe5+ Kg8 58. Qxd5+ Kh8
59. Qe5+ Kg8 60. Bd8 Qh3+ 61. Kg1 Qg3+ 62. Kh1 1/2-1/2

[Event "4NCL 3 South pool B"]
[Site "Maidenhead, ENG"]
[Date "2020.02.08"]
[Round "5.84"]
[White "Gregory, Keith D F"]
[Black "Purdon, Colin"]
[Result "1/2-1/2"]
[WhiteElo "1940"]
[BlackElo "1991"]
[PlyCount "29"]
[EventDate "2020.02.08"]
[WhiteTeam "Wessex B"]
[BlackTeam "Crowthorne 1"]

1. Nf3 Nf6 2. c4 c6 3. g3 d5 4. b3 g6 5. Bb2 Bg7 6. Bg2 O-O 7. O-O Bg4 8. d3
Qc8 9. Nbd2 dxc4 10. Nxc4 Bh3 11. Rc1 Bxg2 12. Kxg2 Nbd7 13. Rc2 Nb6 14. Qa1
Nxc4 15. Rxc4 1/2-1/2

[Event "4NCL 3 South pool B"]
[Site "Maidenhead, ENG"]
[Date "2020.02.08"]
[Round "5.85"]
[White "Johnson, Derek R"]
[Black "De Coverly, Roger D"]
[Result "0-1"]
[WhiteElo "1906"]
[BlackElo "1940"]
[PlyCount "32"]
[EventDate "2020.02.08"]
[WhiteTeam "Crowthorne 1"]
[BlackTeam "Wessex B"]

1. e4 c5 2. b4 cxb4 3. Nf3 Nc6 4. a3 e5 5. axb4 Bxb4 6. Na3 Nf6 7. Bd3 O-O 8.
O-O d5 9. exd5 Qxd5 10. Bc4 Qc5 11. d3 Bg4 12. h3 Bh5 13. g4 Nxg4 14. hxg4 Bxg4
15. Nb5 e4 16. Be3 Qh5 0-1

[Event "4NCL 3 South pool B"]
[Site "Maidenhead, ENG"]
[Date "2020.02.08"]
[Round "5.86"]
[White "Weatherlake, John P"]
[Black "Tart, Peter K"]
[Result "1-0"]
[WhiteElo "1937"]
[BlackElo "1892"]
[PlyCount "63"]
[EventDate "2020.02.08"]
[WhiteTeam "Wessex B"]
[BlackTeam "Crowthorne 1"]

1. Nc3 e5 2. e4 Bc5 3. Bc4 Nc6 4. Qg4 Nd4 5. Qxg7 Qf6 6. Qxf6 Nxf6 7. Bd3 Rg8
8. Na4 d6 9. c3 Ne6 10. g3 Bd7 11. Bc2 Nxe4 12. Bxe4 Bxa4 13. Bxb7 Rb8 14. Bd5
c6 15. Be4 Ng5 16. Bf5 d5 17. d3 h5 18. b3 Bb5 19. Bb2 Ke7 20. c4 dxc4 21. dxc4
Bxc4 22. Bxe5 Bb4+ 23. Kd1 Rbd8+ 24. Kc1 Bd5 25. f3 Nxf3 26. Nxf3 Bxf3 27. Rf1
Be2 28. Rf2 Rd1+ 29. Kb2 Rd2+ 30. Bc2 Ke6 31. Bc3 Bxc3+ 32. Kxc3 1-0

[Event "4NCL 3 South pool B"]
[Site "Maidenhead, ENG"]
[Date "2020.02.09"]
[Round "6.51"]
[White "Robertson, J Stuart"]
[Black "Taylor, William J"]
[Result "1-0"]
[WhiteElo "2157"]
[BlackElo "1959"]
[PlyCount "89"]
[EventDate "2020.02.09"]
[WhiteTeam "Cambridge University 2"]
[BlackTeam "West is Best 2"]

1. d4 Nf6 2. c4 g6 3. Nc3 Bg7 4. e4 d6 5. f3 O-O 6. Be3 c5 7. Nge2 Nc6 8. d5
Ne5 9. Ng3 h5 10. Be2 e6 11. O-O exd5 12. cxd5 a6 13. a4 Bd7 14. h3 b5 15. f4
Nc4 16. Bxc4 bxc4 17. e5 Re8 18. Qf3 Qe7 19. exf6 Qxe3+ 20. Qxe3 Rxe3 21. Kf2
Rxg3 22. Kxg3 Bxf6 23. Rf2 Bf5 24. Re1 Rb8 25. Ne4 Rb3+ 26. Rf3 Bxe4 27. Rxe4
Rxb2 28. Rxc4 Rd2 29. Rb3 Rxd5 30. Kf3 Rd1 31. Rb6 Be7 32. Re4 Bf6 33. Rxa6 d5
34. Re2 Kg7 35. Ra2 c4 36. Rc6 Bd4 37. Rd6 Bc5 38. Rd7 Kf8 39. a5 f5 40. g3
Rd3+ 41. Kg2 c3 42. a6 d4 43. a7 Bxa7 44. Raxa7 c2 45. Ra8# 1-0

[Event "4NCL 3 South pool B"]
[Site "Maidenhead, ENG"]
[Date "2020.02.09"]
[Round "6.52"]
[White "Homer, Stephen J"]
[Black "Starley, Robert"]
[Result "0-1"]
[WhiteElo "2001"]
[BlackElo "2072"]
[PlyCount "126"]
[EventDate "2020.02.09"]
[WhiteTeam "West is Best 2"]
[BlackTeam "Cambridge University 2"]

1. e4 c5 2. Nf3 d6 3. Bb5+ Bd7 4. c4 Nc6 5. Nc3 Nf6 6. O-O g6 7. d3 Bg7 8. Rb1
O-O 9. h3 Rb8 10. a3 Ne8 11. Bg5 a6 12. Ba4 Nc7 13. Nd5 b5 14. Nxc7 Qxc7 15.
cxb5 axb5 16. Bb3 h6 17. Be3 b4 18. d4 cxd4 19. Nxd4 bxa3 20. bxa3 Qa5 21. Nc2
Kh7 22. Qd2 Qa6 23. Ba2 Qa4 24. f3 Ne5 25. Rxb8 Rxb8 26. Bd4 Rc8 27. Rc1 Nxf3+
28. gxf3 Bxd4+ 29. Nxd4 Rxc1+ 30. Qxc1 Qxd4+ 31. Kg2 Kg7 32. Bb3 Bb5 33. Qc2
Qa1 34. a4 Qf1+ 35. Kg3 Bd7 36. Qg2 Qe1+ 37. Kh2 Qa1 38. Qc2 Qf1 39. Qg2 Qd3
40. Qb2+ e5 41. Kg2 Qe3 42. a5 Bb5 43. Bd1 Qd3 44. Kh2 Ba6 45. Qc2 Qf1 46. Qd2
Bc8 47. Qxd6 Qf2+ 48. Kh1 Qe1+ 49. Kg2 Qxa5 50. Bb3 Qc3 51. Bd5 Qd2+ 52. Kg3
Qg5+ 53. Kh2 Qh5 54. Qc7 Qxh3+ 55. Kg1 Qg3+ 56. Kh1 Qxf3+ 57. Kg1 Bh3 58. Qxe5+
Kh7 59. Qb2 Qg3+ 60. Kh1 Bg4 61. e5 Bf3+ 62. Bxf3 Qxf3+ 63. Kg1 h5 0-1

[Event "4NCL 3 South pool B"]
[Site "Maidenhead, ENG"]
[Date "2020.02.09"]
[Round "6.53"]
[White "Nettleton, Charlie B"]
[Black "Davis, Lee"]
[Result "1-0"]
[WhiteElo "2004"]
[BlackElo "1970"]
[PlyCount "179"]
[EventDate "2020.02.09"]
[WhiteTeam "Cambridge University 2"]
[BlackTeam "West is Best 2"]

1. d4 Nf6 2. Nc3 g6 3. e4 d6 4. f3 c6 5. Be3 Bg7 6. Qd2 O-O 7. O-O-O b5 8. g4
h5 9. gxh5 Nxh5 10. Bh3 b4 11. Nce2 Na6 12. Nf4 Nxf4 13. Bxc8 Qxc8 14. Bxf4 c5
15. Bh6 c4 16. Bxg7 Kxg7 17. d5 c3 18. Qd4+ f6 19. b3 Qc7 20. Ne2 Qa5 21. Rdg1
Qxa2 22. Kd1 Nc5 23. Nc1 Qa1 24. Ke2 Qb2 25. Qd1 Qa1 26. h4 Qa6+ 27. Ke1 Rh8
28. h5 g5 29. Qd4 e5 30. dxe6 Nxe6 31. Qd5 Rae8 32. h6+ Kf8 33. Qf5 Ke7 34. Ne2
Qb6 35. f4 Qe3 36. Rg3 Qd2+ 37. Kf2 Nd4 38. Qg4 Nxe2 39. Qxe2 Qxf4+ 40. Rf3 Qd2
41. Qxd2 cxd2 42. Rd3 Rc8 43. Rxd2 Rh7 44. Ke3 Rc5 45. Rf2 Ke6 46. Kd4 f5 47.
exf5+ Rxf5 48. Rfh2 Rf4+ 49. Ke3 d5 50. Ra1 Rh4 51. Ra6+ Ke5 52. Rxh4 gxh4 53.
Kf3 Kf5 54. Rd6 Ke5 55. Rg6 d4 56. Kg4 h3 57. Kxh3 Kf5 58. Rd6 Kg5 59. Kg3 Rc7
60. Rxd4 Kxh6 61. Rxb4 Rxc2 62. Kf4 Kg6 63. Ke5 Rc1 64. Kd6 Kf6 65. Rb7 a5 66.
Rb5 Rc3 67. Kd5 Ke7 68. Kd4 Rh3 69. Kc5 Kd7 70. Kb6 Rh6+ 71. Kxa5 Kc7 72. Rg5
Rh3 73. b4 Ra3+ 74. Kb5 Ra1 75. Rg7+ Kd6 76. Kb6 Kd5 77. b5 Kd6 78. Rg2 Kd7 79.
Kb7 Kd6 80. Rc2 Rh1 81. b6 Rb1 82. Ka7 Ra1+ 83. Kb8 Rb1 84. b7 Kd7 85. Ra2 Kd8
86. Ka7 Kc7 87. Rc2+ Kd7 88. b8=Q Ra1+ 89. Kb7 Rb1+ 90. Ka8 1-0

[Event "4NCL 3 South pool B"]
[Site "Maidenhead, ENG"]
[Date "2020.02.09"]
[Round "6.54"]
[White "Jukes, Sam"]
[Black "Gooding, Ian"]
[Result "1/2-1/2"]
[WhiteElo "1926"]
[BlackElo "1973"]
[PlyCount "76"]
[EventDate "2020.02.09"]
[WhiteTeam "West is Best 2"]
[BlackTeam "Cambridge University 2"]

1. e4 e6 2. d4 d5 3. Nc3 Bb4 4. e5 c5 5. a3 Bxc3+ 6. bxc3 Ne7 7. h4 Nbc6 8. Nf3
Qa5 9. Bd2 Bd7 10. c4 Qc7 11. cxd5 exd5 12. c3 Bg4 13. Be3 O-O 14. Bd3 h6 15.
Qd2 cxd4 16. cxd4 Qa5 17. Qxa5 Nxa5 18. Nd2 Rac8 19. f3 Bf5 20. Ke2 Rc3 21.
Bxf5 Nxf5 22. Bf2 Rfc8 23. g4 Ne7 24. h5 Rc2 25. Rhb1 R8c3 26. Ke1 Rd3 27. Rd1
Nec6 28. Ke2 Rdc3 29. Ke1 Rd3 30. Ke2 Rcc3 31. Rdc1 Rxa3 32. Rxa3 Rxa3 33. Rc5
Ra2 34. Rxd5 Nb3 35. Be3 a5 36. Rd7 Kf8 37. Kd1 Ncxd4 38. Nxb3 Nxb3 1/2-1/2

[Event "4NCL 3 South pool B"]
[Site "Maidenhead, ENG"]
[Date "2020.02.09"]
[Round "6.55"]
[White "Chan, Nevil"]
[Black "Davies, Matthew"]
[Result "1/2-1/2"]
[WhiteElo "2023"]
[BlackElo "1906"]
[PlyCount "65"]
[EventDate "2020.02.09"]
[WhiteTeam "Cambridge University 2"]
[BlackTeam "West is Best 2"]

1. d4 d5 2. Nc3 Nf6 3. Bg5 Nbd7 4. Nf3 e6 5. e3 Be7 6. Bd3 a6 7. a4 b6 8. O-O
Bb7 9. Ne5 Nxe5 10. dxe5 Nd7 11. Bxe7 Qxe7 12. f4 Nc5 13. Ne2 O-O 14. Nd4 Ne4
15. Bxe4 dxe4 16. Qd2 c5 17. Nb3 Rad8 18. Qc3 Bd5 19. Nd2 f5 20. Rfd1 g5 21.
Nc4 Bxc4 22. Qxc4 gxf4 23. exf4 Kf7 24. Qxa6 Rxd1+ 25. Rxd1 Rd8 26. Qe2 Rd4 27.
c3 Rd7 28. b3 Qd8 29. Rxd7+ Qxd7 30. Kf2 Qd5 31. Qc2 h5 32. g3 Kg6 33. Ke3
1/2-1/2